2015 Little League World Series Regions - Statistics

General Stats
  • This quiz has been taken 73 times
  • The average score is 10 of 16
Answer Stats
Region % Correct
Northwest
83%
Southeast
81%
Southwest
81%
Japan
79%
West
76%
Midwest
74%
Mexico
72%
Mid-Atlantic
64%
Canada
62%
Australia
60%
Great Lakes
59%
Latin America
57%
New England
55%
Caribbean
48%
Asia-Pacific
47%
Europe-Africa
36%
No matching quizzes found
Score Distribution
Percent of People with Each Score
Percentile by Number Answered
Your Score History
You have not taken this quiz